Statistics for Socialist or Communist countries

Click here to take the quiz!

General Stats

  • This quiz has been taken 83 times
  • The average score is 7 of 16

Answer Stats

Country% Correct
China
96%
North Korea
89%
Cuba
87%
Laos
86%
Vietnam
86%
India
38%
Nepal
38%
Bangladesh
34%
Sri Lanka
25%
Eritrea
23%
Nicaragua
23%
Tanzania
23%
Portugal
22%
Algeria
19%
Guinea-Bissau
15%
Guyana
13%

Score Distribution

Percentile by Number Answered

Percent of People with Each Score

Your Score History

You have not taken this quiz